| 000 | 01157aam a2200301 4500 | ||
|---|---|---|---|
| 001 | 19123 | ||
| 003 | CO-MdFUSB | ||
| 005 | 20190202100151.0 | ||
| 008 | 170324t2003 enk||||g |||| 00| 0 eng d | ||
| 020 | _a0-232-52410-6 | ||
| 040 |
_aCO-MdFUSB _bspa _cCO-MdFUSB _dCO-MdFUSBC _erda |
||
| 041 | _aeng | ||
| 082 |
_224 _aG 270.092 _bAU923o |
||
| 100 | 1 |
_aMartin, Thomas F. _eautor |
|
| 245 | 1 | 0 |
_aOur restless heart _b: The Augustinian tradition _c/ Thomas F. Martin |
| 264 | 1 |
_aLondon : _bDarton, Longman & Todd, _c℗2003 |
|
| 264 | 4 | _c©2003 | |
| 300 |
_a172 páginas _b: _c; |
||
| 336 |
_2rdacontent _a1 _ba1 |
||
| 337 |
_2rdamedia _a2 _b5 |
||
| 338 |
_2rdacarrier _a2 _b5 |
||
| 490 | _aTraditions of Christian Spirituality Series | ||
| 505 | 0 | 0 | _aEl viaje: La visión espiritual de Agustín - El pegamento de amor: Una 'regla' para la comunidad - Enseñar por palabra y ejemplo: Espiritualidad canónica y la vida apostólica - Agustín y los ermitaños - Una vida teológica: Un espiritualidad para reformadores - Agustinos modernos y posmodernos |
| 563 | _aRústico | ||
| 650 | 0 |
_aVida espiritual _951 |
|
| 942 | _cBK | ||
| 999 |
_c45498 _d45498 |
||